<?xml version="1.0" encoding="UTF-8"?>
<record
    xmlns:xsi="http://www.w3.org/2001/XMLSchema-instance"
    xsi:schemaLocation="http://www.loc.gov/MARC21/slim http://www.loc.gov/standards/marcxml/schema/MARC21slim.xsd"
    xmlns="http://www.loc.gov/MARC21/slim">

  <leader>00693nam a2200193Ia 4500</leader>
  <controlfield tag="008">230520s9999    xx            000 0 und d</controlfield>
  <datafield tag="020" ind1=" " ind2=" ">
    <subfield code="a">97872100336087210033602</subfield>
  </datafield>
  <datafield tag="041" ind1=" " ind2=" ">
    <subfield code="a">chi</subfield>
  </datafield>
  <datafield tag="050" ind1=" " ind2=" ">
    <subfield code="a">PS3552.R685 </subfield>
    <subfield code="b">.M35 2006</subfield>
  </datafield>
  <datafield tag="100" ind1=" " ind2=" ">
    <subfield code="a">McDowell, Josh </subfield>
  </datafield>
  <datafield tag="245" ind1=" " ind2="0">
    <subfield code="a">&#x771F;&#x76F8; : </subfield>
    <subfield code="b">&#x9EA6;&#x9053;&#x536B;&#x89E3;&#x8BFB;&lt;&#x8FBE;&#xB7;&#x82AC;&#x5947;&#x5BC6;&#x7801;&gt;&#x7684;&#x5386;&#x53F2;&#x80CC;&#x666F;/</subfield>
    <subfield code="c">(&#x7F8E;) &#x9EA6;&#x9053;&#x536B; (Josh McDowell) &#x8457;; &#x9F50;&#x6842;&#x840D;&#x8BD1;</subfield>
  </datafield>
  <datafield tag="246" ind1=" " ind2=" ">
    <subfield code="a">&#x771F;&#x76F8; : </subfield>
    <subfield code="b">&#x9EA6;&#x9053;&#x536B;&#x89E3;&#x8BFB;&lt;&#x8FBE;&#xB7;&#x82AC;&#x5947;&#x5BC6;&#x7801;&gt;&#x7684;&#x5386;&#x53F2;&#x80CC;&#x666F;/</subfield>
  </datafield>
  <datafield tag="260" ind1=" " ind2=" ">
    <subfield code="a">&#x5357;&#x660C; : </subfield>
    <subfield code="b">&#x6C5F;&#x897F;&#x4EBA;&#x6C11;&#x51FA;&#x7248;&#x793E;,</subfield>
    <subfield code="c">2006</subfield>
  </datafield>
  <datafield tag="300" ind1=" " ind2=" ">
    <subfield code="a">114p. </subfield>
    <subfield code="b">; </subfield>
    <subfield code="c">21 cm.</subfield>
  </datafield>
  <datafield tag="500" ind1=" " ind2=" ">
    <subfield code="a">Translation of: Da Vinci code</subfield>
  </datafield>
  <datafield tag="650" ind1=" " ind2=" ">
    <subfield code="a">Brown, Dan, -- 1964- -- Da Vinci Code.</subfield>
  </datafield>
  <datafield tag="700" ind1=" " ind2=" ">
    <subfield code="a">&#x9EA6;&#x9053;&#x536B; &#x9F50;&#x6842;&#x840D;</subfield>
  </datafield>
  <datafield tag="952" ind1=" " ind2=" ">
    <subfield code="0">0</subfield>
    <subfield code="1">0</subfield>
    <subfield code="4">0</subfield>
    <subfield code="7">0</subfield>
    <subfield code="a">GETS</subfield>
    <subfield code="b">GETS</subfield>
    <subfield code="c"> GEN</subfield>
    <subfield code="d">2023-05-20</subfield>
    <subfield code="l">0</subfield>
    <subfield code="o">PS3552.R685 .M35 2006</subfield>
    <subfield code="p">00030847</subfield>
    <subfield code="r">2023-05-20 00:00:00</subfield>
    <subfield code="w">2023-05-20</subfield>
    <subfield code="y">CB</subfield>
  </datafield>
  <datafield tag="999" ind1=" " ind2=" ">
    <subfield code="c">43904</subfield>
    <subfield code="d">43904</subfield>
  </datafield>
</record>
